|
|
|
|
| LEADER |
00000nab a2200000 ar4500 |
| 001 |
vtls008962224 |
| 003 |
SK-MaSNL |
| 005 |
20260303070720.0 |
| 008 |
070405c2005 xo |||||||||||000 b|slo |
| 015 |
|
|
|a SNBRB2007/04
|2 snkbucl
|
| 038 |
|
|
|a SNKBUCL
|
| 040 |
|
|
|a SNKBUCL
|b slo
|c SNKBUCL
|e AACR2
|
| 041 |
0 |
|
|a slo
|
| 044 |
|
|
|a xo
|c SK
|
| 080 |
|
|
|a 615.15
|2 1997
|
| 080 |
|
|
|a 37-051
|2 1997
|
| 080 |
|
|
|a 929 Šaršúnová, Magda
|2 1997
|
| 100 |
1 |
|
|a Čižmárik, Jozef,
|d 1943-
|4 aut
|9 106710
|
| 245 |
1 |
0 |
|a Prof. RNDr. PhMr. Magda Šaršúnová, DrSc.
|b život spojený s analýzou liečiv
|c J. Čižmárik
|
| 300 |
|
|
|b Fotogr.
|
| 600 |
1 |
7 |
|a Šaršúnová, Magda,
|d 1920-2009
|2 snkbucl
|9 196797
|
| 773 |
0 |
|
|t ChemZi
|g Roč. 1, č. 2 (2005), s. 45
|x 1336-7242
|
| 852 |
|
|
|a SNK
|b KIS3GCP
|
| 958 |
|
|
|a SK
|
| 958 |
|
|
|a BX
|
| 999 |
|
|
|c 1756622
|d 1758552
|